Normal view
MARC view
- CPRROSION AND ANTI CORROSION CONGRESS REINFORCED CONCRETE CORRROSION CONGRESSES REINFORCING BARS CORROSION CONGRESS
Entry Topical Term
001 - CONTROL NUMBER
- control field: 72491
003 - CONTROL NUMBER IDENTIFIER
- control field: NUST
005 - DATE AND TIME OF LATEST TRANSACTION
- control field: 20210628204816.0
008 - FIXED-LENGTH DATA ELEMENTS
- fixed length control field: 210628|| aca||aabn | a|a d
040 ## - CATALOGING SOURCE
- Original cataloging agency: NUST
- Transcribing agency: NUST
150 ## - HEADING--TOPICAL TERM
- Topical term or geographic name entry element: CPRROSION AND ANTI CORROSION CONGRESS REINFORCED CONCRETE CORRROSION CONGRESSES REINFORCING BARS CORROSION CONGRESS
670 ## - SOURCE DATA FOUND
- Source citation: Work cat.: (NUST): Chaker, Victer 72490, Corrosion forms and control for infrastucture, 1992
